|
|
|
|
| LEADER |
00000nab#a22000007a#4500 |
| 001 |
arbauad045414 |
| 003 |
AR-BaUAD |
| 005 |
20250711113512.0 |
| 008 |
000728|||||||||###||||||b###|0###a|spa|| |
| 040 |
|
|
|a AR-BaUAD
|c AR-BaUAD
|b spa
|
| 100 |
|
|
|a Arnaboldi, Mario Antonio
|
| 245 |
|
|
|a La resistenza dei sensi :
|b in Casablanca and Beijing /
|c Mario Antonio Arnaboldi;
|
| 300 |
0 |
|
|b cortes, fot., plantas
|
| 653 |
|
|
|a ANDREU, PAUL
|
| 653 |
|
|
|a ESTADIOS
|
| 653 |
|
|
|a ESTADIO CASABLANCA
|
| 653 |
|
|
|a TEATROS
|
| 653 |
|
|
|a OPERAS
|
| 653 |
|
|
|a OPERA DE BEIJING
|
| 653 |
|
|
|a FIKRI, MOHAMMED
|
| 653 |
|
|
|a SALAS DE CONCIERTOS
|
| 653 |
|
|
|a CUBIERTAS
|
| 653 |
|
|
|a ESTRUCTURAS RETICULARES ESPACIALES
|
| 653 |
|
|
|a FRANCIA
|
| 773 |
0 |
|
|t L'ARCA
|g Nº146 [mar. 2000], p. 8-13
|
| 942 |
|
|
|c ARTI
|
| 952 |
|
|
|0 0
|1 0
|4 0
|7 0
|9 90333
|a AR-BAuAD
|b AR-BAuAD
|d 2025-07-11
|l 0
|p AAQA045414
|r 2025-07-11 11:35:12
|w 2025-07-11
|y ARTI
|
| 990 |
|
|
|a AQ200
|b TD
|
| 998 |
|
|
|a AAQ
|b BIBUN76
|
| 999 |
|
|
|c 70006
|d 70006
|